000 02769nam a22002777a 4500
003 OSt
005 20240626170044.0
008 240626t1990 ck a|||er|||| 00| f spa d
020 _a9582802138
037 _bDonación
040 _aCO-JMCR
_bspa
_cCO-JMCR
_dCO-JMCR
_erda
041 1 _aspa
_heng
082 0 4 _aA-N
_bSTEm1
100 1 _aStewart, Mary,
_d1916 - 2014
_eautora
_943712
245 1 3 _aLa mansión embrujada /
_cMary Stewart ; traducción de Margarita Cavándoli.
246 1 _aThornyhold /
260 _aBogotá :
_bCírculo de lectores,
_c1990©
300 _a298 páginas :
_bIlustraciones a blanco y negro;
_c23 cm.
500 _aIncluye biografía
520 3 _aDurante su infancia, Gilly Ramsey, entrañable protagonista de esta novela, recibe una educación fría y severa. La única persona que parece comprenderle y tenerle afecto es Geillis, una prima de su madre que visita a la familia esporádicamente. Geillis ha viajado por todo el mundo, tiene conocimiento sobre plantas medicinales y hierbas, posee poderes curativos e incluso predice el futuro. A la deslumbrada Gilly le vaticina que algún día se ganará la vida como artista y vivirá con ella en su casa de campo... Años después, la prima Geillis muere y lega su magnífica casa, Thornyhold, a la joven Gilly, que acaba de perder a sus padres. En Thornyhold, a la joven Gilly es recibida por Agnes Trapp, una vecina de comportamiento extraño, y pronto conoce a William, un encantador chico de diez años hijo de un famoso escritor. Pero lo que realmente fascina a Gilly es la atmósfera misteriosa y embrujada que despiden las viejas paredes de la casa, como si la primera Geillis aún continuara allí de una forma inexplicable. Su extrañeza se acrecienta cuando se entera de que Geillis estaba considerada una bruja y que la propia Gilly es depositaria de sus poderes. Pero también Agnes Trapp posee poderes sobrenaturales y mágicos, y ambas mujeres están enamoradas del mismo hombre... La mansión embrujada es una de las novelas más brillantes y originales en el género romántico para adultos. A lo largo de una trama apasionante y cautivadora, los sentimientos más profundos de los protagonistas se amalgaman a un mundo de incertidumbres, premoniciones y fenómenos extraños que lindan con la magia y lo sobrenatural... Mary Stewart, cuya sólida reputación literaria la acredita como indiscutida maestra del género, ha publicado una extensa serie de títulos, entre los cuales cabe destacar This Rough Magic, Touch Not the Cat, Airs Above the Ground y The Ivy Tree.
650 1 4 _2JMCR
_aAmor
650 2 4 _2JMCR
_aSuspenso
_vNovela
_943713
650 2 4 _2JMCR
_aNovela
_xBrujería
_943714
700 _aCavándoli, Margarita,
_etraductora
_943715
942 _2ddc
_cBK
999 _c30765
_d17149